Prévention des mycotoxines (Record no. 20922)
[ view plain ]
| 000 -LEADER | |
|---|---|
| fixed length control field | 00373 a2200193 4500 |
| 020 ## - NUMERO INTERNATIONAL NORMALISE DES LIVRES | |
| International Standard Book Number | 92-5-200703-2 |
| 130 ## - VEDETTE PRINCIPALE - TITRE UNIFORME | |
| Language of a work | Fr. |
| 260 ## - PUBLICATION, DISTRIBUTION, ETC. (IMPRINT) | |
| Name of publisher, distributor, etc | FAO |
| 245 ## - TITLE STATEMENT | |
| Title | Prévention des mycotoxines |
| 260 ## - PUBLICATION, DISTRIBUTION, ETC. (IMPRINT) | |
| Place of publication, distribution, etc | Rome |
| 260 ## - PUBLICATION, DISTRIBUTION, ETC. (IMPRINT) | |
| Date of publication, distribution, etc | 1979 |
| 300 ## - PHYSICAL DESCRIPTION | |
| Extent | 55p. |
| 690 ## - LOCAL SUBJECT ADDED ENTRY--TOPICAL TERM (OCLC, RLIN) | |
| Topical term or geographic name as entry element | mycotoxine |
| 690 ## - LOCAL SUBJECT ADDED ENTRY--TOPICAL TERM (OCLC, RLIN) | |
| Topical term or geographic name as entry element | aflatoxine |
| 690 ## - LOCAL SUBJECT ADDED ENTRY--TOPICAL TERM (OCLC, RLIN) | |
| Topical term or geographic name as entry element | champignon |
| 710 ## - ADDED ENTRY--CORPORATE NAME | |
| Corporate name or jurisdiction name as entry element | FAO |
| Withdrawn status | Lost status | Damaged status | Not for loan | Location (home branch) | Sublocation or collection (holding branch) | Date acquired | Koha issues (times borrowed) | Koha full call number | Koha date last seen | Copy number | Price effective from | Koha item type | Public note |
|---|---|---|---|---|---|---|---|---|---|---|---|---|---|
| Bibliothèque-Centre de Documentation de la Faculté des Sciences Agronomiques | Bibliothèque-Centre de Documentation de la Faculté des Sciences Agronomiques | NSA.1979.014 | 27/02/2009 | 1 | 27/02/2009 | Livre | A.2642 |